关于塔罗牌 About Tarot - Statistics

General Stats
  • This quiz has been taken 79 times
  • The average score is 17 of 26
Answer Stats
% Correct
大阿卡纳牌 XVII 星星
86%
大阿卡纳牌 XIX 太阳
86%
大阿卡纳牌 XVIII 月亮
85%
大阿卡纳牌 Ο 愚者
82%
大阿卡纳牌 XXI 世界
78%
大阿卡纳牌 I 魔术师
74%
大阿卡纳牌 III 皇后
74%
大阿卡纳牌 VII 战车
72%
大阿卡纳牌 IX 隐者
71%
大阿卡纳牌 XII 倒吊人
71%
大阿卡纳牌 XVI
71%
大阿卡纳牌 IV 皇帝
68%
大阿卡纳牌 X 命运之轮
66%
大阿卡纳牌 XIII 死神
66%
大阿卡纳牌 V 教皇
63%
大阿卡纳牌 II 女祭司
60%
大阿卡纳牌 XV 恶魔
60%
大阿卡纳牌 VI 恋人
55%
大阿卡纳牌 XI 正义
55%
大阿卡纳牌 VIII 力量
54%
大阿卡纳牌 XIV 节制
54%
小阿卡纳花色 花色 圣杯
54%
小阿卡纳花色 花色 宝剑
52%
大阿卡纳牌 XX 审判
48%
小阿卡纳花色 花色 权杖
46%
小阿卡纳花色 花色 钱币
42%
No matching quizzes found
Score Distribution
Percent of People with Each Score
Percentile by Number Answered
Your Score History
You have not taken this quiz